Eurovision Song Lyrics - Sweden - Statistics

General Stats
  • This quiz has been taken 50 times
  • The average score is 182 of 308
Answer Stats
Answer % Correct
a
95%
you
93%
You
93%
I
90%
the
88%
me
85%
to
80%
an
78%
love
75%
is
73%
be
70%
for
70%
go
70%
So
70%
when
70%
No
68%
it
65%
It
65%
that
65%
what
65%
Hold
63%
hold
63%
(Hold
63%
And
60%
have
60%
my
60%
of
60%
this
60%
time
60%
closer
58%
in
58%
know
58%
one
58%
see
58%
at
55%
But
55%
but
55%
could
55%
Could
55%
don't
55%
end
55%
I'll
55%
just
55%
not
55%
Oh
55%
will
55%
you're
55%
all
53%
did
53%
ever
53%
give
53%
never
53%
was
53%
best
50%
can't
50%
Can't
50%
'Cause
50%
how
50%
leave
50%
let
50%
right
50%
say
50%
until
50%
why
50%
before
48%
bye
48%
had
48%
I'm
48%
night
48%
too
48%
wrong
48%
baby
45%
come
45%
fine
45%
hurt
45%
Hurt
45%
it's
45%
maybe
45%
Maybe
45%
mind
45%
need
45%
nothing
45%
sunrise
45%
there's
45%
tight
45%
tight)
45%
Wish
45%
wish
45%
bleeding
43%
found
43%
good
43%
help
43%
isn't
43%
kills
43%
less
43%
someone
43%
wanted
43%
way
43%
about
40%
apologize
40%
else
40%
felt
40%
find
40%
lose
40%
most
40%
pain
40%
regret
40%
that's
40%
tomorrow
40%
would
40%
you'll
40%
anyone
38%
bad
38%
chest
38%
death
38%
really
38%
things
38%
Although
35%
fast
35%
Guess
35%
guess
35%
Might
35%
happened
33%
scares
33%
Still
33%
understand
33%
ease
30%
Well
30%
you've
30%
Thought
15%
No matching quizzes found
Score Distribution
Percent of People with Each Score
Percentile by Number Answered
Your Score History
You have not taken this quiz